000 00555nam a22001937a 4500
942 _cBK
999 _c600
_d600
005 20250420134817.0
008 200812b ||||| |||| 00| 0 eng d
020 _a9780273659297
040 _cKCST
082 _a658.11
_bSo Be
100 _aSouthon, Mike
_95048
245 _aThe beermat entrepreneur :
_bturn your good idea into a great business /
_cMike Southon; Christopher West
260 _aLondon :
_bPrentice Hall,
_c2002.
300 _a148 p.
650 _aEntrepreneurship.
_9574
700 _aWest, Chris
_95049
942 _2ddc